000 03873nam0a22005531 4500
001 v19\rc\2103745
005 20260406000652.0
035 _a(NLR Aleph) 005281216
090 _a6100264
_c6100264
100 _a20090914d1814 |||y0rusy50 ca
101 0 _arus
102 _aRU
135 _acrcn 024anaba
140 _ay y dayaa0000
200 1 _aАмериканская героиня или Наказанное вероломство.
_eБольшой пантомимный балет в 4-х действиях,
_fсочинения г. Валберха;
_gмузыка разных авторов;
_gдекорации г. Гонзаго;
_gдуэль и эволюции г. Вальвиля;
_gкостюмы г. Бабини;
_gмашины г. Тибо
210 _aСанктпетербург
_cв типографии Императорскаго театра
_d1814
215 _a16 с.
_d
300 _aЦенз.: С дозволения Правительства (на тит. л.)
316 _aЭкз. РНБ (18.169.2.54) в бумажной обл. На 1-й с. обл. ярлык с шифром РНБ. На 2-й с. обл. пустой ярлык. На с.1 (тит. л.), 16 круглый штамп ГПБ. Размер: 20,5х13,1х0,2 см
_5NLR: 18.169.2.54
321 1 _aСК 1801-1825 937
325 _aКопия доступна в Электрон. б-ке РНБ
327 0 _aИз содерж.: Пагубныя следствия игры или Смерть Беверлея. : Трагико-пантомимный балет в двух действиях, / соч. г. Валберха; ; музыка г. Антонолини (С.12-16)
464 0 _12001#$aПагубныя следствия игры или Смерть Беверлея.$eТрагико-пантомимный балет в двух действиях,$fсоч. г. Валберха;$gмузыка г. Антонолини
_1215##$aС.12-16
_15171#$aСмерть Беверлея
_15181#$aПагубные следствия игры или Смерть Беверлея
_tПагубныя следствия игры или Смерть Беверлея.
517 1 _aНаказанное вероломство
620 _dСанкт-Петербург
700 1 _7ca
_8rus
_aВальберх
_bИ. И.
_cбалетмейстер
_f1766-1819
_gИван Иванович
_9220271
_3RU\NLR\AUTH\770220327
702 1 _4570
_8rus
_7ca
_aГонзага
_bП. Г.
_f1751-1831
_gПьетро Готтардо
_3RU\NLR\AUTH\77110219
_993144
702 1 _4570
_7ca
_8rus
_aВальвиль
_bА. В.
_f-ок.1850
_gАлександр Васильевич
_9236805
_3RU\NLR\AUTH\770236861
702 1 _aБабини
_bК.
_gКерубино
_4570
702 1 _aТибо
_bК.
_f-1862
_gКарл
_4570
702 1 _aАнтонолини
_bФ.
_f?-1824
_gФердинандо
_4230
712 0 2 _4610
_aПлавильщиков,
_cПетербург
_gВ. А.,
_hтипография
_9517304
_3RU\NLR\AUTH\880426395
790 1 _6z01700
_aВалберх
790 1 _6z02702
_aГонзаго
801 0 _aRU
_bNLR
_c20090914
_gpsbo
801 1 _aRU
_bProSoft-M
_c20090914
_2rusmarc
801 2 _aRU
_bNLR
_c20120427
_2rusmarc
852 _aNLR
_j18.169.2.54
942 _cBOOK
980 _aNB
980 3 _akpcivil2020
980 3 _akp2020
980 3 _akp
981 2 2 _a(22) Материалы по истории России
_b(22) Культура. Наука. Просвещение.
981 2 0 _a(20) Книжные памятники РНБ
_b(20) Русский книжный фонд